000 00752nam a2200217 a 4500
008 091204s1990 ||||||||||||||||| || u
050 _aASC(08)RR/41
100 _aKuhlman, T
245 1 0 _aEnduring crisis: refugee problems in Eastern Sudan
_cH. J. Tieleman & T. Kuhlman
260 _aLeiden:
_bASC
_c1990
300 _a156p.
350 _a0.00
490 _aASC Reseach reports
500 _aBibliography
650 _aREFUGEES
650 _aREFUGEES--SUDAN
650 _aREFUGEES--SUDAN--CIVIL RIGHTS
700 _aTieleman, H. J
710 _aAfrica Studies Centre (ASC)
995 _D0.00
_FCBU-MAIN LIBRARY (Kitwe)
_H1
_I0.00
_M1
_UAVAILABLE
_WDec 4, 2009
_ZInternational Publications
999 _c41849
_d41849